Geography Multi-select #10 - Statistics

General Stats
  • This quiz has been taken 23 times
  • The average score is 64 of 90
Answer Stats
Question Tile Select % Correct
the U.S. state capitals whose state begins with “I.” Atlanta No
100%
the U.S. state capitals whose state begins with “I.” Tallahassee No
100%
the U.S. state capitals whose state begins with “I.” Lincoln No
96%
rivers that discharge into the North Sea. Mississippi No
96%
the U.S. state capitals whose state begins with “I.” Oklahoma City No
96%
rivers that discharge into the North Sea. Tiber No
96%
the U.S. states whose capital city begins with “I.” California No
91%
the U.S. states whose capital city begins with “I.” Florida No
91%
the U.S. state capitals whose state begins with “I.” Indianapolis Yes
91%
the countries that border the Adriatic Sea. Kosovo No
91%
the U.S. states whose capital city begins with “I.” Nevada No
91%
the U.S. states whose capital city begins with “I.” Colorado No
87%
the U.S. states whose capital city begins with “I.” Montana No
87%
the U.S. state capitals whose state begins with “I.” Richmond No
87%
countries that border the North Sea. Russia No
87%
the countries that border the Adriatic Sea. Serbia No
87%
the U.S. state capitals whose state begins with “I.” Springfield Yes
87%
countries that border the North Sea. United Kingdom Yes
87%
the U.S. states whose capital city begins with “I.” Washington No
87%
the countries that border the Adriatic Sea. Albania Yes
83%
the U.S. states whose capital city begins with “I.” Arkansas No
83%
the capital cities whose country begins with “I.” Baghdad Yes
83%
the U.S. state capitals whose state begins with “I.” Boise Yes
83%
countries that border the North Sea. Denmark Yes
83%
the capital cities whose country begins with “I.” Dublin Yes
83%
the U.S. states whose capital city begins with “I.” Indiana Yes
83%
the countries that border the Adriatic Sea. Italy Yes
83%
the capital cities whose country begins with “I.” Jerusalem Yes
83%
the countries whose capital city begins with “I.” Lesotho No
83%
the U.S. states whose capital city begins with “I.” Maine No
83%
the capital cities whose country begins with “I.” New Delhi Yes
83%
countries that border the North Sea. Norway Yes
83%
countries that border the Philippine Sea (including countries having territories that border it). Philippines Yes
83%
the capital cities whose country begins with “I.” Reykjavik Yes
83%
the countries whose capital city begins with “I.” Sweden No
83%
the countries whose capital city begins with “I.” Tunisia No
83%
the countries whose capital city begins with “I.” Costa Rica No
78%
the countries that border the Adriatic Sea. Croatia Yes
78%
rivers that discharge into the North Sea. Danube No
78%
the U.S. state capitals whose state begins with “I.” Des Moines Yes
78%
countries that border the North Sea. Germany Yes
78%
the countries whose capital city begins with “I.” Ivory Coast No
78%
the capital cities whose country begins with “I.” Jakarta Yes
78%
countries that border the North Sea. Netherlands Yes
78%
the capital cities whose country begins with “I.” Rome Yes
78%
the capital cities whose country begins with “I.” Tehran Yes
78%
the countries whose capital city begins with “I.” Trinidad and Tobago No
78%
rivers that discharge into the North Sea. Vistula No
78%
the countries that border the Adriatic Sea. Bosnia and Herzegovina Yes
74%
the countries whose capital city begins with “I.” Gabon No
74%
the countries whose capital city begins with “I.” Mauritania No
74%
West South Central states (as defined by the U.S. Census Bureau). Mississippi No
74%
West South Central states (as defined by the U.S. Census Bureau). Missouri No
74%
the countries that border the Adriatic Sea. Montenegro Yes
74%
the countries whose capital city begins with “I.” Pakistan Yes
74%
rivers that discharge into the North Sea. Rhine-Meuse Yes
74%
the countries that border the Adriatic Sea. Slovenia Yes
74%
West South Central states (as defined by the U.S. Census Bureau). Tennessee No
74%
rivers that discharge into the North Sea. Volga No
74%
countries that border the Coral Sea (including countries having territories that border it). Marshall Islands No
70%
rivers that discharge into the North Sea. Thames Yes
70%
countries that border the Coral Sea (including countries having territories that border it). Australia Yes
65%
rivers that discharge into the North Sea. Elbe Yes
65%
countries that border the Coral Sea (including countries having territories that border it). Papua New Guinea Yes
65%
countries that border the North Sea. Belgium Yes
61%
countries that border the Coral Sea (including countries having territories that border it). Nauru No
61%
countries that border the Philippine Sea (including countries having territories that border it). Papua New Guinea No
61%
West South Central states (as defined by the U.S. Census Bureau). Texas Yes
61%
West South Central states (as defined by the U.S. Census Bureau). Kansas No
57%
countries that border the North Sea. Sweden No
57%
West South Central states (as defined by the U.S. Census Bureau). Oklahoma Yes
52%
the capital cities whose country begins with “I.” Yamoussoukro Yes
52%
the countries that border the Adriatic Sea. Greece No
48%
countries that border the Philippine Sea (including countries having territories that border it). Indonesia Yes
48%
countries that border the Coral Sea (including countries having territories that border it). New Zealand No
48%
West South Central states (as defined by the U.S. Census Bureau). Arkansas Yes
43%
countries that border the North Sea. France Yes
43%
countries that border the Coral Sea (including countries having territories that border it). Indonesia No
43%
West South Central states (as defined by the U.S. Census Bureau). New Mexico No
43%
countries that border the Coral Sea (including countries having territories that border it). Solomon Islands Yes
43%
countries that border the Coral Sea (including countries having territories that border it). France Yes
39%
countries that border the Philippine Sea (including countries having territories that border it). F. S. Micronesia Yes
39%
countries that border the Philippine Sea (including countries having territories that border it). Malaysia No
39%
countries that border the Philippine Sea (including countries having territories that border it). Taiwan Yes
39%
countries that border the Coral Sea (including countries having territories that border it). Vanuatu Yes
39%
countries that border the Philippine Sea (including countries having territories that border it). Japan Yes
35%
West South Central states (as defined by the U.S. Census Bureau). Louisiana Yes
35%
countries that border the Philippine Sea (including countries having territories that border it). Palau Yes
30%
rivers that discharge into the North Sea. Tay Yes
30%
countries that border the Philippine Sea (including countries having territories that border it). United States Yes
17%
No matching quizzes found
Score Distribution
Percent of People with Each Score
Percentile by Number Answered
Your Score History
You have not taken this quiz